000 00695nam a2200253 a 4500
003 AR-BaBNM
005 20251128205246.0
008 082120s2002 ||||||||||||||000 | spa||
040 _cAR-BaBNM
110 2 _aUniversidad John F. Kennedy
245 0 0 _aPlanes de estudio
260 _aBuenos Aires
_bUniversidad Kennedy
_c1996
300 _a119 p.
_bláms., diagr., tablas
650 4 _aPLAN DE ESTUDIOS
650 4 _aUNIVERSIDADES PRIVADAS
650 4 _aGUIAS
650 4 _aESTUDIOS DE POSTGRADO
650 4 _aBIBLIOTECAS UNIVERSITARIAS
651 4 _aArgentina
653 _aEDUCACION SUPERIOR
700 1 _aHerrera Figueroa, Miguel
_eprologuista
942 _cBK
998 _cSILVI
999 _c10630
_d10630